vufinder Bibliothèque Municipale de Charleval de Provence
Se connecter
« Retourner aux résultats de recherche

Jamie a des tentacules !

Book Cover
Auteur principal: Aurore Damant
D'autres auteurs: Julien Bizat
Support: Livres
Langue: Francais
Publié: DL 2010 éditions de la Balle
Genre: Album
Sujets:
Étiquettes: Ajouter
Pas de Tags !

LEADER 00680nam0a2200193 450
001 16823305
010 |a 978-2-918802-00-6  |b rel.  |d 12 € 
100 |a 20100614d2026 u u0frey01 ba 
101 0 |a fre 
102 |a FR 
200 0 |a Jamie a des tentacules !  |f textes, Aurore Damant  |g illustrations, Julien Bizat 
207 1 |a   
210 |c éditions de la Balle  |d DL 2010 
215 |a 1 vol. (non paginé [34] p.)  |c ill. en coul., couv. ill. en coul.  |d 19 x 22 cm 
700 0 |a Damant  |b Aurore  |f 1981-....  |4 70 
702 0 |a Bizat  |b Julien  |4 440 
900 |a Album 
901 |a Accessible au prêt 
995 |a Bibliothèque  |c Bibliothèque  |f 024016399  |h 024016399  |k A2 DAM  |o p  |q j  |r az  |e Bibliothèque 

Options de recherche

Historique de recherche
Recherche avancée

Trouver plus

Nouveautés

Besoin d'aide ?

Contacter un bibliothécaire